000 00690nam a2200277Ia 4500
005 20260324115307.0
008 008 260324s9999 xx 000 0 eng d
020 _a9780429433580
037 _aEBOOK
040 _aCRL
040 _beng
040 _cCRL
041 _2eng
041 _aeng
084 _qCRL
100 _aRaquel Cumeras; Xavier Correig
_91154110
245 0 _aVolatile Organic Compound Analysis in Biomedical Diagnosis Applications
260 _bTaylor and Francis
260 _c2018
365 _a
365 _b240
856 _uhttp://www.taylorfrancis.com/books/9780429433580
942 _cEBOOK
999 _c1744881
_d1744881